Name All 25 Major Spacecrafts - Statistics

General Stats
  • This quiz has been taken 23 times
  • The average score is 12 of 25
Answer Stats
Hint Answer % Correct
The Farthest Human-MadeObject Voyager 1
95%
In Interstellar Space Along WithThe First Voyager Voyager 2
95%
The First Artificial Earth Satellite Sputnik 1
86%
The Iconic Space Telescope Hubble
81%
Large Mars Rover And A Part OfThe MSL Mission Curiosity
57%
The Successor To Hubble James Webb
57%
Soviet Probes That Landed OnVenus And Sent Images From Venus Venera
57%
The First American SatelliteWhich Discovered the Van Allen Radiation Belts Explorer 1
52%
Operated For 15 Years Opportunity
52%
First To Visit Pluto And The Celestial Body Arrokoth New Horizons
48%
The Latest Mars Rover Perseverance
48%
First To Fly Through TheAsteroid Belt And Visited Jupiter Pioneer 10
43%
The First To Visit Saturn Pioneer 11
43%
Mars Exploration Rover Spirit
43%
Had A Long-Term Mission NearSaturn And Deployed A Lander On Titan Cassini-Huygens
38%
Orbited Jupiter Whilst StudyingIts Atmosphere and Magnetosphere Juno
38%
The First Successful AmericanMars Lander And Orbiter Viking 1
38%
The Second Successful AmericanMars Lander And Orbiter Viking 2
38%
Orbited Jupiter And Its Moons Galileo
33%
Returned A Sample From Asteroid Bennu To Earth Osiris-Rex
33%
The Closest Aircraft Approach ToThe Sun Parker Solar Probe
33%
First Successful PlanetaryFlyby Mariner 2
29%
First Successful Mars RoverMission Mars Pathfinder
29%
Returned A Sample From AsteroidRyugu To Earth Hayabusa2
10%
Mapped The Surface Of VenusWith A Radar Magellan
10%
No matching quizzes found
Score Distribution
Percent of People with Each Score
Percentile by Number Answered
Your Score History
You have not taken this quiz